Konkurenčný diamant v e-commerce: Strategický rámec pre určovanie pozície malých a stredných internetových obchodov.

Saved in:
Bibliographic Details
Main Author: Petrovič, Marek, 1992-
Format: Book Chapter
Language:Slovak
Tags: Add Tag
No Tags, Be the first to tag this record!

MARC

LEADER 00000naa$a2200000$$$4500
001 0314422
005 20260123102820.8
041 0 |a slo 
044 |a SK 
245 1 0 |a Konkurenčný diamant v e-commerce: Strategický rámec pre určovanie pozície malých a stredných internetových obchodov.  |c Marek Petrovič 
100 1 |a Petrovič, Marek, 1992-